000 00447nmm a2200169Ia 4500
008 251105s9999||||xx |||||||||||||||||und||
020 _a9788498953763
041 _aspa
100 _aLanseros, Raquel
245 0 _aMatria
264 _a[Madrid, España] :
_bVisor Libros,
_c2019
300 _a86 páginas
490 _aVisor de Poesía
650 _aSpanish poetry
856 _uhttps://public.digitaliapublishing.com/a/102070
942 _cCF
999 _c92216
_d92216